Verdeos de invierno utilización de verdeos de invierno en planteos ganaderos del sudoeste bonaerense /

Guardado en:
Autor Principal: Moreyra, Federico.
Autor Corporativo: Instituto Nacional de Tecnología Agropecuaria (Argentina). Estación Experimental Agropecuaria Bordenave.
Formato: Electrónico
Idioma:Spanish
Publicado: Bordenave : Ediciones INTA, 2014.
Series:Colección Divulgación
Materias:
Acceso en línea:Acceso a texto completo
Etiquetas: Agregar Etiqueta
Sin Etiquetas, Sea el primero en etiquetar este registro!
LEADER 00815nmm a22001695a 4500
001 EEA.libagro010318
008 150206s2014####ag#########m########spa#d
005 20200423132805.0
245 1 0 |a Verdeos de invierno  |h [recurso electrónico] :  |b utilización de verdeos de invierno en planteos ganaderos del sudoeste bonaerense /  |c Federico Moreyra ... [et al.]. 
260 |a Bordenave :  |b Ediciones INTA,  |c 2014. 
490 1 |a Colección Divulgación 
538 |a Modo de acceso: World Wide Web. 
020 |a 9789875215672 
100 1 |a Moreyra, Federico. 
710 2 |a Instituto Nacional de Tecnología Agropecuaria (Argentina).  |b Estación Experimental Agropecuaria Bordenave. 
655 7 |a Libros electrónicos. 
856 4 0 |3 Acceso a texto completo  |u http://inta.gob.ar/sites/default/files/script-tmp-inta-%5Fverdeos%5Fde%5Finvierno%5F1.pdf